All The Host Cities of the Euros (European Championships) - Statistics

General Stats
  • This quiz has been taken 13 times
  • The average score is 87 of 106
Answer Stats
Hint Answer % Correct
2000 - Netherlands | 2020 - Netherlands Amsterdam
100%
1964 - Spain Barcelona
100%
1976 - Yugoslavia Belgrade
100%
2024 - Germany Berlin
100%
2008 - Switzerland Bern
100%
2016 - France Bordeaux
100%
1972 - Belgium | 2000 - Belgium Brussels
100%
2020 - Romania Bucharest
100%
2020 - Rep. of Ireland Dublin
100%
2020 - Scotland Glasgow
100%
1988 - West Germany | 2024 - Germany Hamburg
100%
2004 - Portugal Lisbon
100%
1996 - England Liverpool
100%
1996 - England | 2020 - England London
100%
1964 - Spain Madrid
100%
1996 - England Manchester
100%
1960 - France | 1984 - France | 2016 - France Marseille
100%
1980 - Italy Milan
100%
1988 - West Germany | 2020 - Germany | 2024 - Germany Munich
100%
1968 - Italy | 1980 - Italy Naples
100%
1960 - France | 1984 - France | 2016 - France Paris
100%
1968 - Italy | 1980 - Italy | 2020 - Italy Rome
100%
2000 - Netherlands Rotterdam
100%
2020 - Russia St Petersburg
100%
1980 - Italy Turin
100%
2008 - Austria Vienna
100%
2012 - Poland Warsaw
100%
1976 - Yugoslavia Zagreb
100%
2008 - Switzerland Basel
92%
2020 - Spain Bilbao
92%
1996 - England Birmingham
92%
2020 - Hungary Budapest
92%
1988 - West Germany | 2024 - Germany Cologne
92%
2020 - Denmark Copenhagen
92%
1988 - West Germany | 2024 - Germany Dusseldorf
92%
1968 - Italy Florence
92%
1988 - West Germany | 2024 - Germany Frankfurt
92%
2012 - Poland Gdansk
92%
2008 - Switzerland Geneva
92%
2012 - Ukraine Kiev
92%
1984 - France | 2016 - France Lyon
92%
1984 - France Nantes
92%
2016 - France Nice
92%
2004 - Portugal Porto
92%
1992 - Sweden Stockholm
92%
1988 - West Germany | 2024 - Germany Stuttgart
92%
2008 - Switzerland Zurich
92%
1972 - Belgium Antwerp
83%
2020 - Azerbaijan Baku
83%
1992 - Sweden Gothenburg
83%
1988 - West Germany Hanover
83%
2008 - Austria Innsbruck
83%
2012 - Ukraine Kharkiv
83%
1996 - England Leeds
83%
2024 - Germany Leipzig
83%
2016 - France Lille
83%
2012 - Ukraine Lviv
83%
1992 - Sweden Malmo
83%
1996 - England Newcastle
83%
2008 - Austria Salzburg
83%
2016 - France Toulouse
83%
2004 - Portugal Coimbra
75%
2024 - Germany Dortmund
75%
1972 - Belgium | 2000 - Belgium Liege
75%
1984 - France Strasbourg
75%
2012 - Poland Wroclaw
75%
2004 - Portugal Braga
67%
2000 - Belgium Bruges
67%
2012 - Ukraine Donetsk
67%
1988 - West Germany | 2024 - Germany Gelsenkirchen
67%
2012 - Poland Poznan
67%
1996 - England Sheffield
67%
1996 - England Nottingham
50%
2004 - Portugal Faro
42%
1984 - France | 2016 - France Lens
42%
2008 - Austria Klagenfurt
33%
2000 - Netherlands Arnhem
17%
2004 - Portugal Aveiro
17%
2004 - Portugal Guimaraes
8%
1984 - France | 2016 - France Saint-Ettiene
8%
2000 - Belgium Chaleroi
0%
2000 - Netherlands Eidenhoven
0%
2004 - Portugal Leiria
0%
1992 - Sweden Norrkoping
0%
No matching quizzes found
Score Distribution
Percent of People with Each Score
Percentile by Number Answered
Your Score History
You have not taken this quiz